Statistics for Most Populous European Countries

Click here to take the quiz!

General Stats

  • This quiz has been taken 35 times
  • The average score is 22 of 23

Answer Stats

RankPopulationCountry% Correct
1111.8MBelgium
100%
1210.8MCzechia
100%
369.5MFrance
100%
284.1MGermany
100%
560.3MItaly
100%
1111MRussia
100%
646.7MSpain
100%
1410.2MSweden
100%
743.5MUkraine
100%
468.8MUnited Kingdom
100%
189.08MAustria
97%
179.4MBelarus
97%
225.92MDenmark
97%
837.6MPoland
97%
1510.1MPortugal
97%
919.1MRomania
97%
216.78MBulgaria
94%
1310.4MGreece
94%
169.76MHungary
94%
1017.4MNetherlands
94%
198.28MSwitzerland
94%
235.48MFinland
88%
208.21MSerbia
85%

Score Distribution

Percentile by Number Answered

Percent of People with Each Score

Your Score History

You have not taken this quiz